Local strategic partnerships : lessons from New commitment to regeneration (Record no. 102082)

MARC details
000 -LEADER
fixed length control field 01055cam a2200241 4500
008 - FIXED-LENGTH DATA ELEMENTS--GENERAL INFORMATION
fixed length control field 020517n2001 000 0 eng u
020 ## - INTERNATIONAL STANDARD BOOK NUMBER
International Standard Book Number 1861343701
035 ## - SYSTEM CONTROL NUMBER
System control number (Sirsi) u118007
041 ## - LANGUAGE CODE
Language code of text/sound track or separate title eng.
050 ## - LIBRARY OF CONGRESS CALL NUMBER
Classification number 711.52
100 ## - MAIN ENTRY--PERSONAL NAME
Personal name Russell, H.
245 ## - TITLE STATEMENT
Title Local strategic partnerships : lessons from New commitment to regeneration
260 ## - PUBLICATION, DISTRIBUTION, ETC.
Place of publication, distribution, etc. Bristol
Name of publisher, distributor, etc. Policy Press
Date of publication, distribution, etc. 2001
300 ## - PHYSICAL DESCRIPTION
Extent ix,70p.
Dimensions 31cm.
350 ## - PRICE (NR) (BK AM CF MU VM SE) [OBSOLETE]
Price 13.95
490 ## - SERIES STATEMENT
Series statement Area Regeneration
520 ## - SUMMARY, ETC.
Summary, etc. Local strategic partnerships (LSPs) are a favoured vehicle of government for tackling problems in urban and rural localities. This practical report, useful reading for anyone with an interest in regeneration and governance, identifies lessons for good practice, drawing on the experiences of New commitment to regeneration (NCR) pathfinders, which have been an influential model for Local strategic partnerships.
650 ## - SUBJECT ADDED ENTRY--TOPICAL TERM
Topical term or geographic name entry element LOCAL STRATEGIC PARTNERSHIPS
650 ## - SUBJECT ADDED ENTRY--TOPICAL TERM
Topical term or geographic name entry element URBAN REGENERATION
650 ## - SUBJECT ADDED ENTRY--TOPICAL TERM
Topical term or geographic name entry element RURAL REGENERATION
690 ## - LOCAL SUBJECT ADDED ENTRY--TOPICAL TERM (OCLC, RLIN)
Topical term or geographic name as entry element REGENERATION
942 ## - ADDED ENTRY ELEMENTS (KOHA)
Suppress in OPAC 0
Holdings
Withdrawn status Lost status Source of classification or shelving scheme Damaged status Not for loan Home library Current library Shelving location Date acquired Cost, normal purchase price Total Checkouts Full call number Barcode Date last seen Date last checked out Copy number Cost, replacement price Price effective from Koha item type
    Dewey Decimal Classification     London London Folio 02/07/2002 13.95 4 F711.52 RUS 30065998 06/08/2019 31/10/2005 1 13.95 06/08/2019 Book